El Lazarillo de Tormes (Registro nro. 2014)

Detalles MARC
000 -LEADER
fixed length control field 01034nam a22001937a 4500
003 - CONTROL NUMBER IDENTIFIER
control field OSt
005 - DATE AND TIME OF LATEST TRANSACTION
control field 20251020182707.0
008 - FIXED-LENGTH DATA ELEMENTS--GENERAL INFORMATION
fixed length control field 251020b |||||||| |||| 00| 0 eng d
020 ## - INTERNATIONAL STANDARD BOOK NUMBER
International Standard Book Number 978 9978481790
100 ## - MAIN ENTRY--PERSONAL NAME
Personal name Anónimo
245 ## - TITLE STATEMENT
Title El Lazarillo de Tormes
260 ## - PUBLICATION, DISTRIBUTION, ETC.
Place of publication, distribution, etc. Quito-Ecuador
Name of publisher, distributor, etc. Velásquez y Velásquez
Date of publication, distribution, etc. 2012
300 ## - PHYSICAL DESCRIPTION
Extent 102
520 ## - SUMMARY, ETC.
Summary, etc. El Lazarillo de Tormes es una obra maestra de la literatura española del siglo XVI, considerada precursora del género picaresco. La historia narra las vivencias y desventuras de Lázaro González Pérez, un joven de origen humilde que se ve obligado a servir a diversos amos para sobrevivir en la sociedad española del siglo XVI. A través de sus experiencias, Lázaro aprende sobre la hipocresía, la corrupción y las complejidades de la vida, ofreciendo una aguda crítica social y una reflexión sobre la moralidad y la condición humana
650 ## - SUBJECT ADDED ENTRY--TOPICAL TERM
Source of heading or term Argumento
650 ## - SUBJECT ADDED ENTRY--TOPICAL TERM
Source of heading or term La novela picaresca
650 ## - SUBJECT ADDED ENTRY--TOPICAL TERM
Source of heading or term Novela de aprendizaje o de formacion
942 ## - ADDED ENTRY ELEMENTS (KOHA)
Source of classification or shelving scheme Dewey Decimal Classification
Koha item type Libros
Suppress in OPAC No
Existencias
Withdrawn status Lost status Source of classification or shelving scheme Damaged status Not for loan Collection Home library Current library Shelving location Date acquired Inventory number Total checkouts Full call number Barcode Date last seen Copy number Price effective from Koha item type
    Dewey Decimal Classification     Estantería F Fila 2 Biblioteca Stanford Biblioteca Stanford Biblioteca Abierta 20.10.2025 0444   LECTURA BIBLIO0444 20.10.2025 1 20.10.2025 Libros
Bienvenido a nuestra Biblioteca